[Event "Scarborough CC LH Summer op"]
[Site "Toronto CAN"]
[Date "2010.04.29"]
[Round "1"]
[White "Posaratnanathan, Juliaan"]
[Black "Conte, Mike"]
[Result "0-1"]
[WhiteElo "1678"]
[BlackElo "1907"]
[PlyCount "56"]
[EventDate "2010.04.29"]
[EventType "swiss"]
[EventRounds "8"]
[EventCountry "CAN"]

1. e4 c6 2. d4 d5 3. e5 c5 4. Nc3 e6 5. Bb5+ Bd7 6. Nge2 a6 7. Bxd7+ Nxd7 8. a4
cxd4 9. Qxd4 Bc5 10. Qg4 Nxe5 11. Qxg7 Qf6 12. Bh6 Be7 13. O-O Nxh6 14. Qxf6
Bxf6 15. Nf4 Rg8 16. Kh1 Nc4 17. Rfe1 O-O-O 18. Nd1 Nxb2 19. Nxb2 Bxb2 20. Rab1
Bc3 21. Re2 Nf5 22. h3 e5 23. Nd3 e4 24. Nc5 e3 25. Rxb7 Bd4 26. Rxf7 Rdf8 27.
Rxf8+ Rxf8 28. Nd3 exf2 0-1

[Event "Scarborough CC LH Summer op"]
[Site "Toronto CAN"]
[Date "2010.04.29"]
[Round "1"]
[White "Posaratnanathan, Roy"]
[Black "Picana, Andrew"]
[Result "0-1"]
[WhiteElo "1723"]
[BlackElo "2114"]
[PlyCount "120"]
[EventDate "2010.04.29"]
[EventType "swiss"]
[EventRounds "8"]
[EventCountry "CAN"]

1. e4 e6 2. d4 d5 3. Nc3 Bb4 4. exd5 exd5 5. Bd3 c5 6. Nf3 c4 7. Be2 Nf6 8. Bg5
h6 9. Bxf6 Bxc3+ 10. bxc3 Qxf6 11. O-O O-O 12. Re1 Nd7 13. Nd2 Nb6 14. a4 Bd7
15. a5 Nc8 16. Bf3 Bc6 17. Nf1 Nd6 18. Re5 Nb5 19. Qd2 Rae8 20. Rae1 Qd8 21.
Rxe8 Rxe8 22. Rxe8+ Qxe8 23. Ne3 Qd8 24. h3 a6 25. Nf5 Kf8 26. Qe1 Nd6 27. Nxd6
Qxd6 28. Qb1 Ke7 29. Qb4 Qxb4 30. cxb4 c3 31. Be2 Kd6 32. Kf1 Bd7 33. Ke1 Bf5
34. Kd1 Be4 35. f3 Bf5 36. Bd3 Bd7 37. Kc1 h5 38. g4 Ke7 39. Kb1 Kf6 40. Ka2
Kg5 41. Kb3 Kf4 42. Be2 Ke3 43. Bf1 Kd2 44. Bd3 hxg4 45. fxg4 g5 46. Bh7 Bb5
47. Bf5 Bc4+ 48. Ka4 f6 49. Ka3 Ke3 50. Bc8 Kxd4 51. Bxb7 Ke3 52. Bc8 Kd4 53.
Bb7 Ke3 54. Bc6 Kd2 55. b5 Kxc2 56. b6 Kd2 57. b7 c2 58. b8=Q c1=Q+ 59. Qb2+
Qxb2+ 60. Kxb2 d4 0-1

[Event "Scarborough CC LH Summer op"]
[Site "Toronto CAN"]
[Date "2010.04.29"]
[Round "1"]
[White "Radpey, Abdolreza"]
[Black "Ward, Dean"]
[Result "1-0"]
[WhiteElo "1587"]
[BlackElo "1840"]
[PlyCount "59"]
[EventDate "2010.04.29"]
[EventType "swiss"]
[EventRounds "8"]
[EventCountry "CAN"]

1. Nf3 d5 2. d4 Nf6 3. g3 Nc6 4. Bg2 Bf5 5. Nh4 Be4 6. f3 Bg6 7. Nc3 h6 8. Nxg6
fxg6 9. Qd3 g5 10. Qg6+ Kd7 11. Bh3+ g4 12. fxg4 e6 13. g5 Qe8 14. Qxe8+ Nxe8
15. gxh6 Nxd4 16. O-O gxh6 17. Nxd5 Nxe2+ 18. Kg2 Nxc1 19. Raxc1 Kd6 20. Nf4 e5
21. Rcd1+ Kc6 22. Bd7+ Kb6 23. Nd5+ Kc5 24. b4+ Kc4 25. Rfe1 c6 26. Re4+ Kb5
27. a4+ Ka6 28. b5+ cxb5 29. axb5+ Ka5 30. Ra1+ 1-0

[Event "Scarborough CC LH Summer op"]
[Site "Toronto CAN"]
[Date "2010.04.29"]
[Round "1"]
[White "Rutherdale, William"]
[Black "Peng, Bill"]
[Result "0-1"]
[WhiteElo "1756"]
[BlackElo "2186"]
[PlyCount "56"]
[EventDate "2010.04.29"]
[EventType "swiss"]
[EventRounds "8"]
[EventCountry "CAN"]

1. d4 Nf6 2. c4 e6 3. Nc3 b6 4. Nf3 Bb7 5. Bg5 Be7 6. e3 d5 7. Bd3 O-O 8. O-O
Nbd7 9. Qe2 Ne4 10. Bxe7 Nxc3 11. bxc3 Qxe7 12. cxd5 exd5 13. a4 c5 14. c4 Rac8
15. Rfc1 cxd4 16. exd4 Qxe2 17. Bxe2 Ba6 18. Nd2 Rc7 19. Ra3 Rfc8 20. Rac3 Nf6
21. Kf1 dxc4 22. Bxc4 Kf8 23. Ke2 Nd5 24. R3c2 Nb4 25. Bxa6 Rxc2 26. Bxc8 Rxc1
27. Bd7 Ke7 28. Bf5 Ra1 0-1

[Event "Scarborough CC LH Summer op"]
[Site "Toronto CAN"]
[Date "2010.04.29"]
[Round "1"]
[White "Southam, David"]
[Black "Bellomo, Joe"]
[Result "1-0"]
[WhiteElo "2119"]
[BlackElo "1742"]
[PlyCount "103"]
[EventDate "2010.04.29"]
[EventType "swiss"]
[EventRounds "8"]
[EventCountry "CAN"]

1. d4 Nf6 2. c4 e6 3. g3 Be7 4. Bg2 c5 5. d5 exd5 6. cxd5 d6 7. Nc3 O-O 8. e4
Nbd7 9. f4 Nb6 10. Nf3 Re8 11. O-O Bg4 12. h3 Bd7 13. Kh2 h6 14. e5 Nh7 15. Qd3
c4 16. Qc2 Qc8 17. Nd4 Nf8 18. Bd2 dxe5 19. fxe5 Bc5 20. Qe4 Bxd4 21. Qxd4 Bf5
22. Qf4 Bg6 23. Rae1 Qd7 24. Qd4 Ne6 25. Qe3 Nf8 26. Rf4 Rad8 27. Bc1 Bd3 28.
Qd4 Nc8 29. Bf1 Ng6 30. Rf2 a6 31. Bxd3 cxd3 32. Bf4 Nd6 33. Qxd3 Nxf4 34. gxf4
Nf5 35. Qe4 Nd6 36. Qg2 Nf5 37. Rg1 Kh8 38. Qg4 Rg8 39. d6 Qe6 40. Ne4 Nd4 41.
Qxe6 fxe6 42. Nc5 Rb8 43. Rd1 Nf5 44. Nxe6 Rge8 45. Nc7 Red8 46. Rfd2 Ne3 47.
Rc1 Rbc8 48. e6 Nf1+ 49. Rxf1 Rxc7 50. dxc7 Rxd2+ 51. Kh1 Rc2 52. e7 1-0

[Event "Scarborough CC LH Summer op"]
[Site "Toronto CAN"]
[Date "2010.04.29"]
[Round "1"]
[White "Stein, Mickey"]
[Black "Moran-Venegas, Mario"]
[Result "1-0"]
[WhiteElo "1978"]
[BlackElo "1722"]
[PlyCount "73"]
[EventDate "2010.04.29"]
[EventType "swiss"]
[EventRounds "8"]
[EventCountry "CAN"]

1. e4 e5 2. Nf3 Nc6 3. Bb5 a6 4. Bxc6 dxc6 5. O-O Bd6 6. d4 Bg4 7. dxe5 Bxf3 8.
Qxf3 Bxe5 9. c3 Qf6 10. Nd2 h5 11. Qxf6 Bxf6 12. Nf3 Nh6 13. h3 O-O-O 14. Bf4
Be7 15. Rfd1 f6 16. Rxd8+ Bxd8 17. Bxh6 Rxh6 18. Nd4 g5 19. Rd1 Rh8 20. f3 Rg8
21. Kf2 Be7 22. Nf5 Bc5+ 23. Ke2 h4 24. b4 Bf8 25. Kd3 c5 26. Kc4 b5+ 27. Kb3
Rh8 28. a4 Rh7 29. axb5 cxb4 30. bxa6 bxc3 31. Kxc3 Bc5 32. Kc4 Bb6 33. Rd5 Rf7
34. Nd4 Bxd4 35. Rxd4 f5 36. Rd8+ Kxd8 37. a7 1-0

[Event "Scarborough CC LH Summer op"]
[Site "Toronto CAN"]
[Date "2010.04.29"]
[Round "1"]
[White "Super, Russell"]
[Black "Verde, Pino"]
[Result "0-1"]
[WhiteElo "1432"]
[BlackElo "1805"]
[PlyCount "52"]
[EventDate "2010.04.29"]
[EventType "swiss"]
[EventRounds "8"]
[EventCountry "CAN"]

1. e4 d6 2. d4 Nf6 3. Nc3 Nbd7 4. f4 e5 5. dxe5 dxe5 6. f5 Bc5 7. Nf3 c6 8. Bg5
Qc7 9. h3 Qb6 10. Qc1 Bf2+ 11. Kd1 h6 12. Bd2 Nh5 13. Na4 Qd8 14. g4 Ng3 15.
Rh2 Nxe4 16. Bd3 Ndf6 17. Be3 Bg3 18. Rg2 Nd5 19. Ke2 Nf4+ 20. Bxf4 Bxf4 21.
Qd1 Ng3+ 22. Ke1 O-O 23. Nc3 Qb6 24. Ne2 Qe3 25. Rf2 Nh1 26. Rf1 Bg3+ 0-1

[Event "Scarborough CC LH Summer op"]
[Site "Toronto CAN"]
[Date "2010.04.29"]
[Round "1"]
[White "Wu, Kevin"]
[Black "Bao, Stephen"]
[Result "1-0"]
[WhiteElo "1920"]
[BlackElo "1684"]
[PlyCount "59"]
[EventDate "2010.04.29"]
[EventType "swiss"]
[EventRounds "8"]
[EventCountry "CAN"]

1. e4 c5 2. Nf3 d6 3. d4 cxd4 4. Nxd4 Nf6 5. Nc3 a6 6. Bg5 e6 7. f4 Be7 8. Qf3
Qc7 9. O-O-O b5 10. Bd3 Nc6 11. Nxc6 Qxc6 12. Kb1 Bb7 13. Rhe1 O-O 14. Re3 Rfe8
15. Qh3 d5 16. e5 d4 17. exf6 Bxf6 18. Qxh7+ Kf8 19. Bxf6 gxf6 20. Be4 Qc4 21.
Bxb7 dxe3 22. Bxa8 b4 23. Ne4 Rc8 24. Qh8+ Ke7 25. Qxf6+ Kf8 26. Rd8+ Rxd8 27.
Qxd8+ Kg7 28. Qd1 e2 29. Qe1 Qd4 30. Nd2 1-0

[Event "Scarborough CC LH Summer op"]
[Site "Toronto CAN"]
[Date "2010.04.29"]
[Round "1"]
[White "Yuan, Yuanling"]
[Black "Cale, Ferdinand"]
[Result "1-0"]
[WhiteElo "2330"]
[BlackElo "1784"]
[PlyCount "95"]
[EventDate "2010.04.29"]
[EventType "swiss"]
[EventRounds "8"]
[EventCountry "CAN"]

1. e4 e6 2. d4 c6 3. Nf3 d5 4. e5 h6 5. Bd3 c5 6. c3 Nc6 7. a3 c4 8. Bc2 b5 9.
O-O a5 10. Ne1 a4 11. f4 g6 12. Nd2 Bd7 13. Ndf3 Be7 14. Be3 Qc7 15. Bf2 O-O-O
16. Qd2 Rf8 17. Kh1 Qd8 18. Bd1 Na5 19. Qe2 Kb7 20. Nc2 Nb3 21. Rb1 Na5 22. Ne3
Ka6 23. Bc2 h5 24. g4 hxg4 25. Nxg4 Nh6 26. Rg1 Nf5 27. Ne3 Rh7 28. Ng5 Bxg5
29. fxg5 Rfh8 30. Rg2 Rh5 31. Qg4 Nh4 32. Bxh4 Rxh4 33. Qf3 Be8 34. Rf1 Nc6 35.
Kg1 Rh3 36. Qf4 Ne7 37. Qf6 Qd7 38. Ng4 Ng8 39. Qf4 Qe7 40. Nf6 Nxf6 41. gxf6
Qf8 42. Bxg6 fxg6 43. f7 Bd7 44. Rxg6 R3h5 45. Qg3 Ka5 46. Rg8 Qh6 47. f8=Q
Rxh2 48. Qxh6 1-0

[Event "Scarborough CC LH Summer op"]
[Site "Toronto CAN"]
[Date "2010.04.29"]
[Round "1"]
[White "Yusuf, Magas"]
[Black "Graham, John"]
[Result "1-0"]
[WhiteElo "1820"]
[BlackElo "1483"]
[PlyCount "103"]
[EventDate "2010.04.29"]
[EventType "swiss"]
[EventRounds "8"]
[EventCountry "CAN"]

1. d4 Nf6 2. Nf3 d6 3. c4 g6 4. Nc3 Bg7 5. e4 O-O 6. Be2 b6 7. O-O Bb7 8. Qc2
Nbd7 9. Ne1 Ne8 10. Be3 c5 11. Qd2 Nc7 12. d5 Ba6 13. Bh6 Ne8 14. Nf3 e5 15.
dxe6 fxe6 16. Bxg7 Kxg7 17. Nb5 Bxb5 18. cxb5 e5 19. Bc4 Ndf6 20. Ng5 Nc7 21.
Rad1 h6 22. Ne6+ Nxe6 23. Bxe6 Nxe4 24. Qd3 Qe7 25. Bd5 Nf6 26. Bxa8 Rxa8 27.
Qxd6 Qxd6 28. Rxd6 Kf7 29. f3 Re8 30. Rfd1 g5 31. Rc6 e4 32. fxe4 Rxe4 33. Rf1
Rf4 34. Rxf4 gxf4 35. Rc7+ Ke6 36. Rxa7 Nd7 37. Rc7 h5 38. Rc6+ Kf5 39. Rh6 Kg5
40. Rd6 Ne5 41. Rd5 Kf5 42. Kf2 Ke4 43. Rxe5+ Kxe5 44. a4 c4 45. Kf3 h4 46. h3
Kd5 47. Kxf4 Kc5 48. g4 hxg3 49. Kxg3 Kb4 50. h4 Kb3 51. h5 Kxb2 52. h6 1-0

[Event "Scarborough CC LH Summer op"]
[Site "Toronto CAN"]
[Date "2010.04.29"]
[Round "1"]
[White "Zhou, Kevin"]
[Black "Huston, Scott"]
[Result "0-1"]
[WhiteElo "1879"]
[BlackElo "1666"]
[PlyCount "106"]
[EventDate "2010.04.29"]
[EventType "swiss"]
[EventRounds "8"]
[EventCountry "CAN"]

1. e4 c5 2. Nf3 d6 3. d4 cxd4 4. Nxd4 Nf6 5. Nc3 e5 6. Nb3 a6 7. Be2 Be6 8. O-O
Nbd7 9. Be3 Be7 10. Qd2 O-O 11. Rad1 b5 12. f3 Nb6 13. Na5 Qc7 14. Bd3 Rfd8 15.
Qf2 Nbd7 16. Nb3 Nc5 17. Nxc5 dxc5 18. a3 Rab8 19. Be2 Qc6 20. Rxd8+ Rxd8 21.
Rd1 b4 22. Rxd8+ Bxd8 23. Nb1 Ba2 24. Nd2 bxa3 25. bxa3 c4 26. Qf1 c3 27. Nb3
Bxb3 28. cxb3 Bb6 29. Qc1 g6 30. Bc4 Bd4 31. Kf2 a5 32. a4 Qc5 33. Ke2 Nd7 34.
Kd3 Bxe3 35. Qxe3 Qd4+ 36. Ke2 Kf8 37. f4 Qxe3+ 38. Kxe3 exf4+ 39. Kd3 Nc5+ 40.
Kxc3 Nxe4+ 41. Kd4 Nd2 42. Ke5 Ke7 43. Bd5 g5 44. Kf5 f6 45. h4 h6 46. h5 Kd6
47. Bf7 f3 48. gxf3 Nxf3 49. Bc4 Ne5 50. Bf1 g4 51. Kxf6 g3 52. Kf5 Nf3 53. Kf4
Nd2 0-1

[Event "Scarborough CC LH Summer op"]
[Site "Toronto CAN"]
[Date "2010.05.13"]
[Round "2"]
[White "Al Ganabi, Haqi"]
[Black "Radpey, Abdolreza"]
[Result "1-0"]
[WhiteElo "1965"]
[BlackElo "1587"]
[PlyCount "77"]
[EventDate "2010.04.29"]
[EventType "swiss"]
[EventRounds "8"]
[EventCountry "CAN"]

1. e4 c5 2. Nf3 Nc6 3. d4 cxd4 4. Nxd4 Nf6 5. Nc3 e6 6. a3 Bc5 7. Nb3 Be7 8.
Be2 O-O 9. O-O d5 10. exd5 Nxd5 11. Nxd5 exd5 12. Bf3 Be6 13. Re1 Bf6 14. Nc5
Nd4 15. Nxe6 fxe6 16. Bg4 Qb6 17. c3 Nf5 18. Bxf5 exf5 19. Qxd5+ Kh8 20. Qd1
Rad8 21. Qc2 Rd5 22. Be3 Qd6 23. Rad1 Rd8 24. Rxd5 Qxd5 25. Bxa7 h6 26. g3 Qf3
27. Qe2 Qd3 28. Qxd3 Rxd3 29. Be3 g5 30. Kf1 b5 31. Ke2 Rd5 32. Rd1 Re5 33. f4
Re4 34. Rd5 gxf4 35. gxf4 Kg7 36. Rxf5 Kg6 37. Rxb5 h5 38. Kf3 Re6 39. f5+ 1-0

[Event "Scarborough CC LH Summer op"]
[Site "Toronto CAN"]
[Date "2010.05.13"]
[Round "2"]
[White "Al Ganabi, Yasir"]
[Black "Lin, Tony (Juntao)"]
[Result "0-1"]
[WhiteElo "1364"]
[BlackElo "1780"]
[PlyCount "79"]
[EventDate "2010.04.29"]
[EventType "swiss"]
[EventRounds "8"]
[EventCountry "CAN"]

1. e4 c5 2. Nc3 e6 3. Nf3 Nc6 4. Bb5 Qc7 5. Bxc6 Qxc6 6. O-O g6 7. d3 Bg7 8.
Re1 Ne7 9. e5 a6 10. Bg5 Kf8 11. Qd2 h6 12. Bxe7+ Kxe7 13. Qf4 b6 14. Qh4+ g5
15. Nxg5 Bb7 16. Nf3+ Kf8 17. Qh5 Kg8 18. Ne4 d5 19. Nd6 Rf8 20. Nh4 d4 21. Re4
Qd7 22. Rg4 Kh7 23. Rf4 Kg8 24. Rg4 Kh7 25. Rg3 Rhg8 26. Re1 Bd5 27. b3 f5 28.
c4 dxc3 29. Ng6 Rd8 30. Nf4 Bf8 31. Rxg8 Kxg8 32. Qg6+ Qg7 33. Qxg7+ Kxg7 34.
Nc4 Bxc4 35. bxc4 Kf7 36. Rc1 Bg7 37. Re1 c2 38. h4 Bxe5 39. Rc1 Bxf4 40. Rxc2
0-1

[Event "Scarborough CC LH Summer op"]
[Site "Toronto CAN"]
[Date "2010.05.13"]
[Round "2"]
[White "Armstrong, Robert J"]
[Black "Kurkowski, Ken"]
[Result "1/2-1/2"]
[WhiteElo "1764"]
[BlackElo "1630"]
[PlyCount "87"]
[EventDate "2010.04.29"]
[EventType "swiss"]
[EventRounds "8"]
[EventCountry "CAN"]

1. d4 d5 2. c4 c6 3. e3 Nf6 4. Nf3 Bf5 5. Nc3 e6 6. Bd3 Bxd3 7. Qxd3 Nbd7 8.
O-O Be7 9. b3 Qc7 10. Bb2 O-O 11. Rfe1 Rad8 12. cxd5 exd5 13. e4 dxe4 14. Nxe4
Nd5 15. Neg5 Bxg5 16. Nxg5 N7f6 17. Re5 h6 18. Nf3 Rfe8 19. Rae1 Qd7 20. Bc1
Ng4 21. Rxe8+ Rxe8 22. Rxe8+ Qxe8 23. h3 Ngf6 24. Ne5 Qe7 25. Qf5 Qe6 26. Qf3
Nd7 27. Bb2 f6 28. Nxd7 Qxd7 29. Qe4 Qe7 30. f3 Kf7 31. Kf2 Qb4 32. Ke2 Qb5+
33. Kf2 Qa5 34. a3 Qd2+ 35. Qe2 Qxe2+ 36. Kxe2 Nf4+ 37. Kf1 Ke6 38. Bc1 Nd5 39.
Ke2 a5 40. Kd3 b5 41. Bd2 a4 42. bxa4 bxa4 43. g4 g5 44. Kc4 1/2-1/2

[Event "Scarborough CC LH Summer op"]
[Site "Toronto CAN"]
[Date "2010.05.13"]
[Round "2"]
[White "Azmitia, Gabriel"]
[Black "Rutherdale, William"]
[Result "1/2-1/2"]
[WhiteElo "1618"]
[BlackElo "1756"]
[PlyCount "111"]
[EventDate "2010.04.29"]
[EventType "swiss"]
[EventRounds "8"]
[EventCountry "CAN"]

1. Nf3 d5 2. d4 Nf6 3. Nbd2 e6 4. e3 Bd6 5. Bd3 Nbd7 6. b3 O-O 7. Bb2 Re8 8.
Ne5 c5 9. f4 Qc7 10. O-O b6 11. Rc1 a5 12. Qe2 a4 13. a3 Nf8 14. g4 N6d7 15. g5
Nxe5 16. fxe5 Be7 17. Qh5 Bd8 18. Rf3 Qe7 19. Rg3 Ba6 20. c4 axb3 21. Kf2 Rb8
22. Bxh7+ Nxh7 23. Rh3 Qxg5 24. Qxh7+ Kf8 25. Nf3 Qf5 26. Qxf5 exf5 27. cxd5
Bb7 28. d6 f6 29. Rh8+ Kf7 30. e6+ Rxe6 31. dxc5 bxc5 32. Rxc5 Rxd6 33. Rb5 Rd7
34. Rxb3 Rc8 35. Rc3 Ra8 36. Rb3 Rc8 37. Rc3 Ra8 38. Rc4 Rb8 39. Bc3 Ra8 40.
Bb4 Be7 41. Rxa8 Bxa8 42. Bxe7 Kxe7 43. Nd4 Be4 44. Rc1 Kf7 45. a4 Ra7 46. Ra1
Ra5 47. Ra3 Kg6 48. Nb3 Ra7 49. a5 Bc2 50. Nd4 Be4 51. Ke2 Ra6 52. Nb3 Bd5 53.
Nc5 Rc6 54. Rc3 Kf7 55. a6 Rc7 56. Kd2 1/2-1/2

[Event "Scarborough CC LH Summer op"]
[Site "Toronto CAN"]
[Date "2010.05.13"]
[Round "2"]
[White "Bellomo, Joe"]
[Black "Xie, Peter"]
[Result "1/2-1/2"]
[WhiteElo "1742"]
[BlackElo "1584"]
[PlyCount "102"]
[EventDate "2010.04.29"]
[EventType "swiss"]
[EventRounds "8"]
[EventCountry "CAN"]

1. e4 e5 2. Nf3 Nc6 3. Bb5 a6 4. Ba4 Nf6 5. O-O Be7 6. Re1 b5 7. Bb3 d6 8. c3
O-O 9. h3 Na5 10. Bc2 c5 11. d3 Nc6 12. Nbd2 Ne8 13. Nf1 f5 14. exf5 Bxf5 15.
Ng3 Bg6 16. a4 Nc7 17. Bb3+ Kh8 18. Bc2 Ne6 19. Bb3 Nf4 20. Bxf4 exf4 21. Ne4
d5 22. Ned2 Qd6 23. d4 c4 24. Bc2 Bxc2 25. Qxc2 b4 26. Ne5 b3 27. Qd1 Rae8 28.
Ndf3 a5 29. Nxc6 Qxc6 30. Ne5 Qd6 31. Qh5 Kg8 32. Qg4 Bf6 33. Nf3 Re4 34. Ng5
Bxg5 35. Qxg5 Rfe8 36. Rxe4 Rxe4 37. Kf1 h6 38. Qh5 Qe6 39. Qf3 Kh7 40. Qd1 g6
41. f3 Re3 42. Qd2 g5 43. Qf2 Qf5 44. Kg1 Qd3 45. Qf1 Qxf1+ 46. Kxf1 Kg6 47.
Kf2 Rd3 48. Re1 Rd2+ 49. Re2 Rxe2+ 50. Kxe2 h5 51. Kf2 h4 1/2-1/2

[Event "Scarborough CC LH Summer op"]
[Site "Toronto CAN"]
[Date "2010.05.13"]
[Round "2"]
[White "Cale, Ferdinand"]
[Black "Posaratnanathan, Juliaan"]
[Result "1/2-1/2"]
[WhiteElo "1784"]
[BlackElo "1678"]
[PlyCount "92"]
[EventDate "2010.04.29"]
[EventType "swiss"]
[EventRounds "8"]
[EventCountry "CAN"]

1. f4 d5 2. d4 Nf6 3. e3 Bf5 4. Nf3 e6 5. Be2 Nbd7 6. O-O a6 7. a3 Be7 8. h3 h6
9. Nbd2 Ne4 10. Nxe4 Bxe4 11. Bd3 f5 12. Bxe4 fxe4 13. Ne5 O-O 14. Qg4 Nxe5 15.
fxe5 Rxf1+ 16. Kxf1 Qf8+ 17. Kg1 Qf7 18. Bd2 Rf8 19. Qe2 c5 20. c3 c4 21. Rf1
Qxf1+ 22. Qxf1 Rxf1+ 23. Kxf1 Bh4 24. Be1 Bxe1 25. Kxe1 g5 26. g4 Kg7 27. Kd2
b5 28. Kc2 Kf7 29. b3 Ke7 30. Kb2 Kd7 31. a4 Kc6 32. Ka3 cxb3 33. Kxb3 bxa4+
34. Kxa4 Kb6 35. Kb4 a5+ 36. Ka4 Ka6 37. c4 dxc4 38. d5 Kb6 39. d6 Kc6 40. Ka3
Kd7 41. Kb2 a4 42. Kc3 a3 43. Kc2 Kc6 44. Kc3 Kd7 45. Kc2 Kc6 46. Kc3 Kd7
1/2-1/2

[Event "Scarborough CC LH Summer op"]
[Site "Toronto CAN"]
[Date "2010.05.13"]
[Round "2"]
[White "Casareno, Erwin"]
[Black "Yusuf, Magas"]
[Result "1/2-1/2"]
[WhiteElo "2156"]
[BlackElo "1820"]
[PlyCount "71"]
[EventDate "2010.04.29"]
[EventType "swiss"]
[EventRounds "8"]
[EventCountry "CAN"]

1. e4 e5 2. Nf3 Nf6 3. Nc3 Nc6 4. Bb5 Bc5 5. O-O O-O 6. Bxc6 dxc6 7. Nxe5 Bd4
8. Nf3 Bxc3 9. bxc3 Nxe4 10. Qe2 Re8 11. Qc4 Qd5 12. Qxd5 cxd5 13. Nd4 Bd7 14.
f3 Nd6 15. Kf2 c5 16. Nb3 b6 17. d3 Nb5 18. Bb2 c4 19. dxc4 dxc4 20. Nd4 Nc7
21. Rad1 Rad8 22. Rd2 Be6 23. Rfd1 g6 24. h4 Kg7 25. g4 Kh8 26. Ba3 Bc8 27. Nc6
Rxd2+ 28. Rxd2 Nb5 29. Be7 Bb7 30. Bf6+ Kg8 31. Ne7+ Kf8 32. a4 Nxc3 33. Rd7
Ba8 34. Rxa7 Nd5 35. Rc7 Rb8 36. c3 1/2-1/2

[Event "Scarborough CC LH Summer op"]
[Site "Toronto CAN"]
[Date "2010.05.13"]
[Round "2"]
[White "Conte, Mike"]
[Black "Yuan, Yuanling"]
[Result "0-1"]
[WhiteElo "1907"]
[BlackElo "2330"]
[PlyCount "85"]
[EventDate "2010.04.29"]
[EventType "swiss"]
[EventRounds "8"]
[EventCountry "CAN"]

1. e4 c5 2. Nc3 Nc6 3. g3 g6 4. Bg2 Bg7 5. d3 d6 6. Nge2 e6 7. Be3 Nge7 8. Qd2
Nd4 9. Rb1 Nec6 10. a3 a5 11. O-O O-O 12. f4 f5 13. a4 Rb8 14. b3 Nb4 15. Bxd4
cxd4 16. Nb5 Qb6 17. Kh1 Bd7 18. Na3 Qc5 19. exf5 gxf5 20. Nc4 b6 21. Ng1 Rbe8
22. Rbe1 Kh8 23. Rf2 Nd5 24. Nf3 Nc3 25. Qc1 e5 26. fxe5 dxe5 27. Qa3 Qxa3 28.
Nxa3 e4 29. Ng5 Bf6 30. Nh3 Be7 31. Nc4 Bc5 32. Nf4 Bc6 33. dxe4 fxe4 34. Nh3
h6 35. Rxf8+ Rxf8 36. Ne5 Rf6 37. Nxc6 Rxc6 38. Nf4 Rc8 39. Ne6 Re8 40. Nxc5
bxc5 41. Kg1 Rf8 42. Bxe4 Re8 43. Kg2 0-1

[Event "Scarborough CC LH Summer op"]
[Site "Toronto CAN"]
[Date "2010.05.13"]
[Round "2"]
[White "Gillis, Doug"]
[Black "Jizan, Masoud"]
[Result "1-0"]
[WhiteElo "1633"]
[BlackElo "1732"]
[PlyCount "87"]
[EventDate "2010.04.29"]
[EventType "swiss"]
[EventRounds "8"]
[EventCountry "CAN"]

1. d4 d5 2. Nc3 Nf6 3. Bg5 h6 4. Bxf6 gxf6 5. e3 Nc6 6. Bb5 Rg8 7. Qf3 a6 8.
Bxc6+ bxc6 9. Nge2 e5 10. e4 Rb8 11. O-O-O Bb4 12. exd5 Bxc3 13. Qxc3 cxd5 14.
dxe5 fxe5 15. Qxe5+ Be6 16. Nf4 Qg5 17. Rxd5 Qxe5 18. Rxe5 Ke7 19. Nxe6 fxe6
20. g3 Rb6 21. Rhe1 Rd6 22. Rd1 Rgd8 23. Rxd6 cxd6 24. Rh5 Rh8 25. Rh4 Kd7 26.
Rg4 d5 27. Rg7+ Kd6 28. Ra7 Rf8 29. Rxa6+ Ke5 30. f4+ Kf5 31. a4 h5 32. b4 h4
33. gxh4 Rh8 34. a5 Rxh4 35. Ra7 Kxf4 36. a6 Ke5 37. Rb7 Rh8 38. a7 Ra8 39. b5
Kd6 40. b6 Kc6 41. Rb8 e5 42. Rxa8 Kxb6 43. Re8 Kxa7 44. h4 1-0

[Event "Scarborough CC LH Summer op"]
[Site "Toronto CAN"]
[Date "2010.05.13"]
[Round "2"]
[White "Hahnewald, Uwe"]
[Black "Mesiti, Silvano"]
[Result "1-0"]
[WhiteElo "1871"]
[BlackElo "1692"]
[PlyCount "57"]
[EventDate "2010.04.29"]
[EventType "swiss"]
[EventRounds "8"]
[EventCountry "CAN"]

1. e4 e5 2. Nf3 d6 3. d4 exd4 4. Nxd4 Nc6 5. Bb5 Bd7 6. Nc3 Nf6 7. O-O Be7 8.
b3 O-O 9. Bb2 a6 10. Be2 Qc8 11. f4 b5 12. a3 Qb7 13. Bf3 Qa7 14. Nce2 Rac8 15.
Kh1 Nxd4 16. Bxd4 c5 17. Bb2 Bg4 18. Ng3 Bxf3 19. Qxf3 Rfe8 20. e5 Nd7 21. Nf5
dxe5 22. fxe5 Nxe5 23. Bxe5 Bf8 24. Nh6+ Kh8 25. Nxf7+ Kg8 26. Nh6+ Kh8 27. Qd5
Bd6 28. Nf7+ Kg8 29. Nxd6+ 1-0

[Event "Scarborough CC LH Summer op"]
[Site "Toronto CAN"]
[Date "2010.05.13"]
[Round "2"]
[White "Huston, Scott"]
[Black "Hall, John"]
[Result "0-1"]
[WhiteElo "1666"]
[BlackElo "2238"]
[PlyCount "40"]
[EventDate "2010.04.29"]
[EventType "swiss"]
[EventRounds "8"]
[EventCountry "CAN"]

1. d4 d5 2. c4 e6 3. Nf3 Nf6 4. e3 c5 5. Nc3 a6 6. Bd3 dxc4 7. Bxc4 b5 8. Bd3
Bb7 9. O-O Nbd7 10. a4 b4 11. Nb1 Bd6 12. Nbd2 cxd4 13. Nxd4 Nc5 14. Nc4 Nxd3
15. Qxd3 Bc7 16. Bd2 Qd5 17. f3 e5 18. Bxb4 exd4 19. exd4 O-O-O 20. Bc5 Qxc5
0-1

[Event "Scarborough CC LH Summer op"]
[Site "Toronto CAN"]
[Date "2010.05.13"]
[Round "2"]
[White "Karmalkar, Vilas"]
[Black "Stewart, Frankie"]
[Result "0-1"]
[WhiteElo "1746"]
[BlackElo "1794"]
[PlyCount "118"]
[EventDate "2010.04.29"]
[EventType "swiss"]
[EventRounds "8"]
[EventCountry "CAN"]

1. b3 Nf6 2. Nf3 Nc6 3. Bb2 d6 4. d4 e6 5. Nbd2 Be7 6. e4 O-O 7. Be2 Re8 8. O-O
Bf8 9. c3 a6 10. Qc2 b5 11. Bd3 e5 12. dxe5 dxe5 13. Rad1 Bb7 14. Rfe1 Bd6 15.
Nf1 Nh5 16. Bc1 Qf6 17. Bg5 Qe6 18. b4 h6 19. Be3 Qf6 20. Ng3 Nf4 21. Qd2 Nxd3
22. Qxd3 Rad8 23. Qe2 Na7 24. Bxa7 Qe6 25. Nf5 Bf8 26. Qc2 Qc4 27. Nd2 Qc6 28.
Re3 Bxb4 29. Rg3 Bf8 30. Be3 Kh7 31. f3 Re6 32. Qb3 Rd3 33. Rc1 b4 34. Nb1 g6
35. Bxh6 Bxh6 36. Nxh6 Kxh6 37. Qxb4 Qb6+ 38. Kf1 Red6 39. Rh3+ Kg7 40. Qxb6
cxb6 41. Ke1 Bc8 42. Rg3 Be6 43. c4 Rc6 44. Nd2 Rd4 45. h4 Bxc4 46. Nxc4 Rdxc4
47. Rxc4 Rxc4 48. h5 Rc2 49. hxg6 fxg6 50. Rg5 Kf6 51. Rg3 Rxa2 52. Kf1 Rd2 53.
Rh3 Kg7 54. f4 exf4 55. Rb3 b5 56. Ra3 Rd6 57. Ke2 Kf6 58. g3 fxg3 59. Rxg3 b4
0-1

[Event "Scarborough CC LH Summer op"]
[Site "Toronto CAN"]
[Date "2010.05.13"]
[Round "2"]
[White "Marcille, Gord"]
[Black "Al Ganabi, Zaidun"]
[Result "0-1"]
[WhiteElo "1789"]
[BlackElo "1364"]
[PlyCount "50"]
[EventDate "2010.04.29"]
[EventType "swiss"]
[EventRounds "8"]
[EventCountry "CAN"]

1. e4 e5 2. Nf3 Nc6 3. Nc3 Nf6 4. Bc4 Bc5 5. O-O d6 6. Na4 Nxe4 7. d3 Nxf2 8.
Rxf2 Bxf2+ 9. Kxf2 Bg4 10. h3 Bxf3 11. Qxf3 O-O 12. Nc3 Nd4 13. Qg4 Kh8 14. Bg5
f6 15. Be3 Nxc2 16. Rc1 Nxe3 17. Kxe3 f5 18. Qd1 Qg5+ 19. Kf2 c6 20. Rc2 d5 21.
Bb3 e4 22. dxe4 fxe4+ 23. Kg1 Rf6 24. Bxd5 cxd5 25. Nxd5 Rd6 0-1

[Event "Scarborough CC LH Summer op"]
[Site "Toronto CAN"]
[Date "2010.05.13"]
[Round "2"]
[White "Moran-Venegas, Mario"]
[Black "Azizi, Hamid"]
[Result "0-1"]
[WhiteElo "1722"]
[BlackElo "1556"]
[PlyCount "86"]
[EventDate "2010.04.29"]
[EventType "swiss"]
[EventRounds "8"]
[EventCountry "CAN"]

1. e4 c6 2. d4 d5 3. e5 Bf5 4. Ne2 e6 5. Ng3 Bg6 6. h4 h6 7. h5 Bh7 8. Bd3 Bxd3
9. Qxd3 c5 10. dxc5 Qa5+ 11. Nc3 Bxc5 12. a3 Nc6 13. Qb5 Nge7 14. Qxa5 Nxa5 15.
b4 Bxf2+ 16. Kxf2 Nc4 17. Re1 Nc6 18. Bf4 Nd4 19. Ra2 g5 20. Be3 Nc6 21. Nb5
O-O-O 22. Bd4 a6 23. Nd6+ Rxd6 24. exd6 Nxd4 25. Ne4 dxe4 26. Rxe4 e5 27. c3 f5
28. Re1 Nb5 29. a4 Nbxd6 30. b5 axb5 31. axb5 Kc7 32. Ra4 Rd8 33. Kg3 Kb6 34.
Rb4 f4+ 35. Kf3 e4+ 36. Kf2 Re8 37. Rd1 e3+ 38. Ke2 Re6 39. Rd5 Rf6 40. Ra4 g4
41. Kf1 f3 42. gxf3 gxf3 43. Rd4 Nd2+ 0-1